Showtime Series by Image Quiz Stats

 Plays Quiz Updated Sep 6, 2016

Challenge
Share
Tweet
Score 0/20 Timer 06:00
2 Plays Today
% Correct
Dexter
94.9%
Homeland
84.5%
Nurse Jackie
80.9%
Californication
74.6%
Weeds
69.3%
Shameless
63.4%
Masters of Sex
57.1%
Ray Donovan
52.7%
The Tudors
50.5%
Penny Dreadful
48%
% Correct
House of Lies
35.5%
Billions
35%
Episodes
33.6%
United States of Tara
31.3%
The Affair
30.5%
Stargate SG-1
25%
The L Word
22.7%
Web Therapy
16.3%
Queer as Folk
13.2%
It's Garry Shandling's Show
8.1%

You're not logged in!

Compare scores with friends on all Sporcle quizzes.
Join for Free
OR
Log In

You Might Also Like...

Show Comments

Extras

Top Quizzes Today


Score Distribution

Your Account Isn't Verified!

In order to create a playlist on Sporcle, you need to verify the email address you used during registration. Go to your Sporcle Settings to finish the process.

Report this User

Report this user for behavior that violates our Community Guidelines.

Details: